000 00440nam a2200157Ia 4500
003 GCL
008 140319s9999 xx 000 0 eng d
040 _aGCL /
_cGCL
082 0 4 _a301
_bF R
100 1 _aFARGANIS, JAMES
245 1 0 _aREADINGS IN SOCIAL THEORY: THE CLASSIC TRADITION TO POST - MODERNISM /
_cFARGANIS, JAMES
260 _a[S.N] :
_bMC GRAW - HILL ،
_c1993
300 _a399
650 0 4 _aSOCIAL SCIENCE
942 _2ddc
_cBK
999 _c11589
_d11589